000 00583cam a22001571 4500
082 _a624.1821
_bGRI
100 1 _aGrinter, Linton E.
_935973
245 1 0 _aDesign of modern steel structures,
_cby Linton E. Grinter.
260 _aNew York,
_bThe Macmillan Company,
_c1941.
300 _axix, [1], 452 p. incl. illus., tables, diagrs.
_bfront., fold. plates.
_c24 cm.
500 _a"A companion to vol. 1 of the Theory of modern steel structures."--Pref.
526 _a0
_b0
_c0
_d624_182100000000000_GRI
650 0 _aBuilding, Iron and steel.
650 0 _aMCE
_9379
942 _2ddc
_cBK
999 _c546863
_d546863